000 00747cam a22002533a 4500
001 172
003 PGUSA
005 20140828082945.0
008 941001s1994||||xxu|||||s|||||000 1 eng d
040 _aPGUSA
_beng
042 _adc
050 4 _aPS
100 1 _aMorley, Christopher,
_d1890-1957
245 1 4 _aThe Haunted Bookshop
_h[electronic resource] /
_cChristopher Morley
260 _bProject Gutenberg,
_c1994
506 _aPublic domain in the USA.
516 _aElectronic text
653 _aBooksellers and bookselling -- Fiction
653 _aBrooklyn (New York, N.Y.) -- Fiction
653 _aMystery and detective stories
830 0 _aProject Gutenberg
_v172
856 4 0 _uhttp://www.gutenberg.org/ebooks/172
942 _cEB
999 _c229543
_d229543